Países de Iberia en la historia con un mapa - Estadísticas

Estadísticas generales
  • Esta prueba ha sido intentada 3.347 veces
  • La puntuación promedio es 19 de 30
Respuestas en el mapa
Las respuestas están codificadas por una escala verde-roja en el mapa de la prueba según el % correcto abajo.
 
Estadísticas de respuestas
Año Años País % Correcto
Presente desde 1978 España
96%
Presente desde 1910 Portugal
95%
1400 1139–1910 Reino de {Portugal}
95%
Presente desde 1814 Andorra
90%
1400 1230–1715 Corona de {Castilla}
90%
1000 931–1065 Reino de {Castilla}
90%
1400 1162–1707 Corona de {Aragón}
88%
750 481–843 Francia
87%
Presente desde 1958 Francia
87%
1000 987–1498 Reino de {Francia}
87%
1400 1453–1792 Reino de {Francia}
87%
Presente desde 1967 Gibraltar (RU)
86%
1000 824–1841 Reino de {Navarra}
78%
1400 824–1841 Reino de {Navarra}
78%
1400 1238–1492 Emirato de {Granada}
72%
1000 910–1230 Reino de {León}
63%
418 395–476 Imperio {romano} de {Occidente}
61%
750 722–924 Reino de {Asturias}
61%
1000 929–1031 Califato de {Córdoba}
56%
418 418–721 Reino {visigodo}
47%
750 661–750 Califato {omeya}
43%
1000 801–1162 Condado de {Barcelona}
42%
100 27 BC–395 Lusitania
37%
100 27 BC–395 Tarraconense
30%
100 27 BC–395 Bética
29%
1400 1053–1453 Ducado de {Vasconia}
28%
418 409–585 Reino {suevo}
26%
100 27 BC–395 Galia {Aquitania}
17%
100 120 BC–395 Galia {Narbonense}
13%
1000 872–1045 Condado de {Ribagorza}
10%
No se encontraron pruebas coincidentes
Distribución de puntuación
Porcentaje de gente con cada puntuación
Porcentaje por número respondido
Historial de tus puntuaciones
No has intentado esta prueba.